000 00287nam a22001337a 4500
003 SGT
020 _a9788179100868
082 _a371.92,SHA
100 _aSHAH, S.K.
245 _aEDUCATING MENTALLY RETARDED CHILDREN
260 _aJAIPUR
_bAPD
_c2023
300 _a190
942 _2ddc
_cBK
999 _c33489
_d33489